[Event "SK Steinegg/Raiffeisen-Wipptal Schach"]
[Site "?"]
[Date "2012.10.30"]
[Round "1.5"]
[White "Saxl Alexander"]
[Black "Pichler Martin"]
[Result "0-1"]
[WhiteElo "1381"]
[BlackElo "1597"]
[PlyCount "95"]
[EventDate "2012.??.??"]

1. e4 d6 2. d4 g6 3. Nf3 Bg7 4. h3 Nf6 5. Bd3 Nc6 6. c3 e5 7. d5 Ne7 8. O-O Nd7
9. Nbd2 f5 10. Ng5 Nf6 11. Ne6 Bxe6 12. dxe6 O-O 13. exf5 gxf5 14. Qb3 Rb8 15.
Bxf5 Kh8 16. Bd3 d5 17. Qb4 b6 18. Qh4 e4 19. Bc2 Qd6 20. Nb3 Nf5 21. Qf4 Qxe6
22. Qxc7 d4 23. cxd4 Rbc8 24. Qxa7 (24. Qe5) 24... Rxc2 25. Qa4 Rc4 26. Qa6 Nd7
27. Be3 Nxd4 28. Rad1 Nxb3 29. axb3 Rc6 30. Qa3 Nc5 31. Bxc5 Rxc5 32. Rd2 Rfc8
33. Rfd1 Kg8 34. Qa7 R5c7 35. Rd8+ Bf8 36. Qa3 Rxd8 37. Rxd8 Qe7 38. Ra8 e3 39.
Qxe7 Rxe7 40. fxe3 Rxe3 41. Ra1 Rxb3 42. Rb1 Ba3 43. Kf1 Rxb2 44. Rxb2 Bxb2 45.
Ke2 b5 46. Kd2 b4 47. Kc2 Bc3 48. h4 0-1

[Event "SC Bruneck II-SK Gries II"]
[Site "?"]
[Date "2013.03.08"]
[Round "1.1"]
[White "Spornberger, Peter"]
[Black "De Nicolo, Werner"]
[Result "0-1"]
[WhiteElo "1627"]
[BlackElo "1439"]
[PlyCount "94"]
[EventDate "2013.??.??"]

1. e4 e6 2. d4 d5 3. exd5 exd5 4. Bd3 Bd6 5. Nf3 Nf6 6. O-O O-O 7. Bg5 c6 8. h3
h6 9. Bh4 Nbd7 10. Nbd2 b6 11. Re1 Bb7 12. Ne5 Qc7 13. Bg3 Rfe8 14. Ndf3 c5 15.
c3 a6 16. Qd2 Ne4 17. Bxe4 dxe4 18. Nxd7 Bxg3 19. Nde5 exf3 20. fxg3 f6 21.
Nxf3 Bxf3 22. Rxe8+ Rxe8 23. gxf3 Qxg3+ 24. Qg2 Qxg2+ 25. Kxg2 Re2+ 26. Kg3
cxd4 27. cxd4 Rd2 28. d5 Rxd5 29. b4 Kf7 30. a4 Rd4 31. Rb1 Ke6 32. Rb3 Kd5 33.
b5 Rxa4 34. Rd3+ Kc4 35. Rd7 Kxb5 36. Rxg7 Rc4 37. Rg6 Rc6 38. Rxh6 a5 39. Rh5+
Kb4 40. Rd5 b5 41. h4 a4 42. h5 a3 43. h6 f5 44. Rd4+ Kc3 45. Rh4 Rc8 46. Rh2
b4 47. Kf4 b3 0-1

[Event "ASD Arci Scacchi II-Groeden II"]
[Site "?"]
[Date "2012.11.10"]
[Round "2.1"]
[White "Grossi, Christian"]
[Black "Adzic, Ranko"]
[Result "1-0"]
[WhiteElo "1770"]
[BlackElo "1800"]
[PlyCount "109"]
[EventDate "2012.??.??"]

1. d4 Nf6 2. c4 d6 3. Nc3 g6 4. e4 Bg7 5. Bd3 O-O 6. Nge2 Nbd7 7. O-O e5 8. f3
c6 9. Be3 exd4 10. Nxd4 Ne5 11. Be2 Re8 12. Qd2 Qe7 13. Rad1 Nh5 14. Nb3 Bf8
15. f4 Ng4 16. f5 Bxf5 17. Bf4 Nxf4 18. Rxf4 Bh6 19. exf5 Qe5 20. Rdf1 Ne3 21.
Re4 Qg7 22. Qxd6 Nxf1 23. f6 Qf8 24. Qxf8+ Kxf8 25. Kxf1 Bg5 26. Nc5 Bxf6 27.
Nd7+ Kg7 28. Rxe8 Rxe8 29. Nxf6 Kxf6 30. Kf2 Ke5 31. Ke3 f5 32. h4 h6 33. g4
Re7 34. gxf5 gxf5 35. Nd1 f4+ 36. Kf3 Kd4 37. Nc3 Re3+ 38. Kf2 Rh3 39. h5 Rh4
40. Nb1 Rh2+ 41. Kf3 Rxh5 42. Kxf4 Rh3 43. Nd2 a5 44. Nb3+ Rxb3 45. axb3 Kc5
46. Ke3 Kb4 47. Bd1 b5 48. Kd3 h5 49. cxb5 cxb5 50. Kc2 h4 51. Bg4 a4 52. Bd7
Ka5 53. bxa4 bxa4 54. Kc3 a3 55. bxa3 1-0

[Event "ASD Arci Scacchi II-Groeden II"]
[Site "?"]
[Date "2012.11.10"]
[Round "2.3"]
[White "Knottner, Klaus"]
[Black "Carozza, Gregorio"]
[Result "1-0"]
[WhiteElo "1648"]
[BlackElo "1662"]
[PlyCount "61"]
[EventDate "2012.??.??"]

1. e4 e6 2. d4 d5 3. Nd2 c5 4. c3 Nc6 5. Ngf3 cxd4 6. cxd4 Nge7 7. Bd3 dxe4 8.
Nxe4 Ng6 9. O-O Be7 10. Be3 O-O 11. Rc1 Bd7 12. a3 Rc8 13. b4 a6 14. Qe2 Na7
15. Nc5 Bc6 16. Rfd1 Bd6 17. Ng5 h6 18. Ngxe6 fxe6 19. Bxg6 Qf6 20. Qg4 Bd5 21.
Nd7 Qe7 22. Nxf8 Rxf8 23. Be4 Bxe4 24. Qxe4 Nb5 25. Rd3 Qf7 26. d5 Re8 27. dxe6
Rxe6 28. Rc8+ Bf8 29. Rxf8+ Kxf8 30. Rd8+ Re8 31. Bc5+ 1-0

[Event "ASD Arci Scacchi II-Groeden II"]
[Site "?"]
[Date "2012.11.10"]
[Round "2.4"]
[White "Gasparro, Antonio"]
[Black "Runggaldier, Andreas"]
[Result "1/2-1/2"]
[WhiteElo "1388"]
[BlackElo "1607"]
[PlyCount "50"]
[EventDate "2012.??.??"]

1. d4 Nf6 2. Nf3 g6 3. Nc3 d5 4. Bf4 a6 5. h3 Bg7 6. Qd2 O-O 7. Bh6 c5 8. Bxg7
Kxg7 9. e3 Nc6 10. O-O-O c4 11. Be2 b5 12. Ne5 Qc7 13. Nxc6 Qxc6 14. Bf3 b4 15.
Nb1 Qa4 16. a3 bxa3 17. Nxa3 Bf5 18. Qc3 Rab8 19. Rde1 Be4 20. Kd2 Rb6 21. Ra1
Rfb8 22. Rhb1 Qd7 23. Ke2 Qb7 24. Ra2 Qd7 25. Raa1 Qd6 1/2-1/2

[Event "ASD Arci Scacchi II-Groeden II"]
[Site "?"]
[Date "2012.11.10"]
[Round "2.5"]
[White "Moroder, Richard"]
[Black "Olivetti, Davide"]
[Result "0-1"]
[WhiteElo "1413"]
[BlackElo "1428"]
[PlyCount "66"]
[EventDate "2012.??.??"]

1. e4 d5 2. exd5 Qxd5 3. Nc3 Qa5 4. Be2 Nf6 5. d3 c6 6. Nf3 Bg4 7. O-O e6 8.
Bd2 Qh5 9. Bf4 Nbd7 10. h3 Bf5 11. Ne5 Qh4 12. Bg3 Qd4 13. Nf3 Qb6 14. Rb1 Nd5
15. Ne5 Nxe5 16. Bxe5 Ne3 17. fxe3 Qxe3+ 18. Kh1 Qxe5 19. g4 Bg6 20. Rf3 h5 21.
Rf2 hxg4 22. Bxg4 f5 23. Re2 Qd6 24. Qe1 Kd7 25. Ne4 Qe7 26. Bxf5 Bxf5 27. Nf2
Qh4 28. Re3 Bd6 29. Qg1 g5 30. Qg2 g4 31. Rg1 g3 32. Rxg3 Bxg3 33. Qxg3 Rag8
0-1

[Event "ASK Niederdorf-SK Ridnaun"]
[Site "?"]
[Date "2012.11.10"]
[Round "2.1"]
[White "Aigner, Helmut"]
[Black "Obersteiner, Stefan"]
[Result "1-0"]
[WhiteElo "1819"]
[BlackElo "1731"]
[PlyCount "109"]
[EventDate "2012.??.??"]

1. e4 c5 2. Nf3 Nc6 3. d4 cxd4 4. Nxd4 d6 5. c4 Nf6 6. Nc3 g6 7. Be2 Bg7 8. Be3
O-O 9. O-O Bd7 10. h3 a6 11. Qd2 Re8 12. Rac1 Rc8 13. Rfd1 Nxd4 14. Bxd4 Bc6
15. Qe3 h5 16. e5 dxe5 17. Bb6 Bh6 18. Rxd8 Bxe3 19. Rxe8+ Nxe8 20. fxe3 Nd6
21. b3 Nf5 22. Kf2 Nh4 23. e4 g5 24. g3 Ng6 25. Bxh5 Kg7 26. Bxg6 Kxg6 27. Nd5
Re8 28. Bc5 Kg7 29. g4 e6 30. Nc3 Rd8 31. Be3 Kg6 32. Rc2 Rd3 33. Ke2 Rd8 34.
Kf3 Rd3 35. Ne2 Rd1 36. Ng3 Rd8 37. Rd2 Rh8 38. Rh2 Rf8 39. Ke2 b5 40. c5 b4
41. h4 gxh4 42. Rxh4 Bb5+ 43. Kf3 Kf6 44. Rh6+ Ke7 45. Bg5+ Kd7 46. Bf6 Rc8 47.
Bxe5 Rxc5 48. Bd4 Rc2 49. Rh7 Ke8 50. Kf4 Rxa2 51. Ke5 Rc2 52. Nh5 Ke7 53. Rh8
Rc7 54. Nf6 Rc2 55. Bb6 1-0

[Event "ASK Niederdorf-SK Ridnaun"]
[Site "?"]
[Date "2012.11.10"]
[Round "2.2"]
[White "Kamelger, Ewald"]
[Black "Helfer, August"]
[Result "0-1"]
[WhiteElo "1200"]
[BlackElo "1652"]
[PlyCount "112"]
[EventDate "2012.??.??"]

1. d4 e6 2. Nf3 d6 3. e3 g6 4. Bd3 Bg7 5. O-O Ne7 6. Ng5 h6 7. Nf3 O-O 8. Nc3
a6 9. b3 c5 10. Bb2 b6 11. Ne2 Bb7 12. Ng3 Nbc6 13. c3 Rc8 14. Qe2 Nb8 15. Nd2
Nf5 16. Nxf5 exf5 17. e4 Re8 18. d5 Bxd5 19. f3 Bb7 20. Qf2 fxe4 21. fxe4 Rc7
22. Rae1 b5 23. Nf3 Nc6 24. c4 Nb4 25. Bb1 bxc4 26. Bxg7 Kxg7 27. bxc4 Rce7 28.
a3 Nc6 29. Nd2 Ne5 30. Re3 Ng4 31. Qf3 Nxe3 32. Qxe3 Re6 33. g3 Qe7 34. Rf4 Rf6
35. Qc3 Qe5 36. Qxe5 dxe5 37. Rxf6 Kxf6 38. Kf2 Ke6 39. Nb3 Rc8 40. Ke3 f5 41.
exf5+ gxf5 42. h3 Bg2 43. h4 Bh3 44. a4 Kd6 45. a5 Rg8 46. Kf2 Rg4 47. Bxf5
Rxc4 48. Bxh3 Rc2+ 49. Ke1 c4 50. Nd2 Kc5 51. Bc8 c3 52. Nb3+ Kc4 53. Be6+ Kb4
54. g4 Rg2 55. Kd1 c2+ 56. Kc1 Kc3 0-1

[Event "ASK Niederdorf-SK Ridnaun"]
[Site "?"]
[Date "2012.11.10"]
[Round "2.3"]
[White "Obermueller, Johann"]
[Black "Brichenfried, Manfred"]
[Result "1-0"]
[WhiteElo "1536"]
[BlackElo "1246"]
[PlyCount "115"]
[EventDate "2012.??.??"]

1. e4 d6 2. d4 c5 3. dxc5 Qa5+ 4. Nc3 Qxc5 5. Be3 Qb4 6. Qd2 g6 7. Nd5 Qxd2+ 8.
Bxd2 Na6 9. Bxa6 bxa6 10. Nc7+ Kd7 11. Nxa8 Kc6 12. Bc3 e5 13. Nf3 Kb7 14. Nc7
Kxc7 15. Ng5 Nh6 16. O-O Be7 17. Nf3 f5 18. Nxe5 Rf8 19. Bd2 f4 20. Nd3 g5 21.
Bc3 Ng4 22. h3 Nf6 23. f3 Nh5 24. Be1 Bd7 25. Bf2 Bb5 26. Rfd1 Nf6 27. b3 Bxd3
28. cxd3 Nd7 29. d4 Kb7 30. Rd3 Rc8 31. Rdd1 Rc2 32. Rac1 Rb2 33. Rc3 Bd8 34.
a3 Bb6 35. Rdc1 Ne5 36. R3c2 Rxc2 37. Rxc2 Nd3 38. Rd2 Nc1 39. b4 Nb3 40. Rd1
Kc6 41. d5+ Kd7 42. Bxb6 axb6 43. Kf1 a5 44. Kf2 h5 45. Ke2 a4 46. Kd3 Ke7 47.
Kc4 g4 48. hxg4 hxg4 49. Kb5 Kf6 50. Kxa4 Kg5 51. Kxb3 Kh4 52. fxg4 Kxg4 53.
Rd3 Kg5 54. a4 Kf6 55. a5 bxa5 56. bxa5 Ke5 57. a6 Kxe4 58. Kc4 1-0

[Event "ASK Niederdorf-SK Ridnaun"]
[Site "?"]
[Date "2012.11.10"]
[Round "2.4"]
[White "Haspinger, Hartmann"]
[Black "Helfer, Sieghard"]
[Result "0-1"]
[WhiteElo "1349"]
[BlackElo "1532"]
[PlyCount "98"]
[EventDate "2012.??.??"]

1. d4 g6 2. c4 Bg7 3. Nf3 d6 4. e3 Nd7 5. Nc3 e6 6. Bd3 Ne7 7. O-O O-O 8. b3 a6
9. a4 b6 10. Be4 Rb8 11. Ba3 c5 12. Qc2 Qc7 13. Rfd1 f5 14. Bd3 Bb7 15. Ng5 Rf6
16. Bb2 h6 17. Nf3 Bxf3 18. gxf3 Nc6 19. Ne2 Nb4 20. Qd2 Rf7 21. Bc3 a5 22. Nf4
Nf8 23. Bxb4 axb4 24. Be2 Rd7 25. Kh1 Rbd8 26. Rg1 Kh7 27. Rg2 g5 28. Nh3 Bf6
29. Rag1 Rg7 30. d5 Qf7 31. Bd3 Kh8 32. Qc2 Qh5 33. Bxf5 exf5 34. Qxf5 Qg6 35.
Qxg6 Nxg6 36. f4 Nh4 37. Rg3 Rdg8 38. fxg5 hxg5 39. f4 gxf4 40. Rxg7 Rxg7 41.
Rxg7 Kxg7 42. exf4 Kg6 43. Kg1 Nf3+ 44. Kf2 Nd2 45. Ke3 Nxb3 46. Nf2 Bd4+ 47.
Ke2 Bxf2 48. Kxf2 Nd4 49. Ke1 Nf3+ 0-1

[Event "ASK Niederdorf-SK Ridnaun"]
[Site "?"]
[Date "2012.11.10"]
[Round "2.5"]
[White "Gasteiger, Josef"]
[Black "Girardelli, Daniel"]
[Result "1-0"]
[WhiteElo "1370"]
[BlackElo "1398"]
[PlyCount "57"]
[EventDate "2012.??.??"]

1. c4 Nf6 2. Nc3 d5 3. cxd5 Nxd5 4. Nf3 Nc6 5. e3 e5 6. Bb5 f6 7. O-O Be7 8. a3
O-O 9. Bc4 Be6 10. e4 Nxc3 11. Bxe6+ Kh8 12. bxc3 Bc5 13. Bd5 Qd6 14. Bb2 Rab8
15. Qe2 Ne7 16. Ba2 Bxa3 17. Bxa3 Qxa3 18. Rfd1 Rfd8 19. Qc4 Qd6 20. d4 Qc6 21.
Qxc6 Nxc6 22. Bd5 exd4 23. Bxc6 bxc6 24. cxd4 Ra8 25. Rdc1 Rd6 26. Ra6 Rb8 27.
Rxa7 Rd7 28. h3 Rb6 29. Ra8+ 1-0

[Event "Brixen/Milland-J.Richter/LASK BZ"]
[Site "?"]
[Date "2012.11.10"]
[Round "2.1"]
[White "Moncher, Stefano"]
[Black "Sader, Michael"]
[Result "0-1"]
[WhiteElo "2182"]
[BlackElo "2169"]
[PlyCount "67"]
[EventDate "2012.??.??"]

1. f4 d5 2. Nf3 g6 3. g3 Bg7 4. Bg2 Nc6 5. O-O Bg4 6. Nc3 Bxf3 7. Bxf3 Nf6 8.
d3 d4 9. Ne4 Nd5 10. c3 dxc3 11. bxc3 Nxc3 12. Nxc3 Bxc3 13. Rb1 Bd4+ 14. Kh1
Bb6 15. Bb2 O-O 16. f5 Qd7 17. fxg6 hxg6 18. Qc1 Rab8 19. Qc4 Nd4 20. Be4 e6
21. e3 Nf5 22. Qc3 f6 23. g4 Bxe3 24. gxf5 exf5 25. Qc4+ Kg7 26. Bf3 c5 27.
Rfe1 f4 28. Re2 b5 29. Qc2 Rh8 30. Rg2 Rh6 31. Be4 Kh7 32. Bxf6 Rf8 33. Bg5 Rh3
34. Rxb5 0-1

[Event "Brixen/Milland-J.Richter/LASK BZ"]
[Site "?"]
[Date "2012.11.10"]
[Round "2.2"]
[White "Brenninger, Daniel"]
[Black "Billio, Atto"]
[Result "1/2-1/2"]
[WhiteElo "2056"]
[BlackElo "1994"]
[PlyCount "110"]
[EventDate "2012.??.??"]

1. d4 c5 2. c4 Nf6 3. d5 b5 4. cxb5 a6 5. bxa6 Bxa6 6. Nc3 g6 7. g3 Bg7 8. Bg2
d6 9. Nh3 O-O 10. O-O Nbd7 11. Rb1 Qc7 12. Re1 Rfb8 13. Qc2 Ne5 14. f4 Neg4 15.
Nf2 Nxf2 16. Kxf2 c4 17. h3 Nd7 18. Be3 Rb4 19. Red1 Rab8 20. Bf3 Bc8 21. Kg2
Qb7 22. Rd2 Nf6 23. Bd4 Qd7 24. g4 h5 25. f5 gxf5 26. Bxf6 fxg4 27. hxg4 hxg4
28. Bxg7 gxf3+ 29. Kf2 Qh3 30. exf3 Kxg7 31. Rg1+ Kf8 32. Nd1 Bf5 33. Qc3 Bg6
34. Rd4 Bd3 35. Rdg4 Ke8 36. b3 Qh2+ 37. R1g2 Qe5 38. Qxe5 dxe5 39. Ke3 f5 40.
Rg8+ Kd7 41. Rxb8 Rxb8 42. Nb2 f4+ 43. Kd2 cxb3 44. axb3 Bf1 45. Rf2 Ba6 46.
Kc3 Kd6 47. Rd2 e4 48. fxe4 Ke5 49. Nc4+ Kxe4 50. Re2+ Kxd5 51. Re5+ Kc6 52.
Re6+ Kb5 53. Re5+ Kc6 54. Re6+ Kb5 55. Re5+ Kc6 1/2-1/2

[Event "Brixen/Milland-J.Richter/LASK BZ"]
[Site "?"]
[Date "2012.11.10"]
[Round "2.3"]
[White "Bevilacqua, Maurizio"]
[Black "Kofler, Thomas"]
[Result "0-1"]
[WhiteElo "1974"]
[BlackElo "1960"]
[PlyCount "99"]
[EventDate "2012.??.??"]

1. d4 d6 2. c4 Nf6 3. Nc3 Nbd7 4. g3 e5 5. Bg2 Be7 6. Nf3 h6 7. O-O c6 8. Qc2
Qc7 9. Rd1 O-O 10. b3 Re8 11. Bb2 Nf8 12. h3 Ng6 13. Rac1 Be6 14. e4 Rad8 15.
Rd2 Nh7 16. d5 Bc8 17. Rf1 Ng5 18. Nxg5 Bxg5 19. Re2 Rf8 20. Qd3 h5 21. Qf3 h4
22. Qh5 Be7 23. Bc1 a6 24. Be3 c5 25. Rb2 Nh8 26. Qe2 f5 27. exf5 Bxf5 28. b4
hxg3 29. fxg3 Qd7 30. Kh2 Bh7 31. Rxf8+ Rxf8 32. bxc5 dxc5 33. Ne4 Bxe4 34.
Bxe4 g6 35. Rb6 Kg7 36. Qb2 Qa4 37. Rxb7 Rf7 38. Qb3 Qa5 39. Qb2 Qa4 40. Qe2
Qa3 41. h4 Bf6 42. Rb3 Qa5 43. Bd2 Qd8 44. Qe3 g5 45. hxg5 Be7 46. g6 Nxg6 47.
Qh6+ Kg8 48. Qxg6+ Rg7 49. Qe6+ Kh8 50. g4 0-1

[Event "Brixen/Milland-J.Richter/LASK BZ"]
[Site "?"]
[Date "2012.11.10"]
[Round "2.4"]
[White "Kofler, Oswald"]
[Black "De Vita, Gianni"]
[Result "1/2-1/2"]
[WhiteElo "1858"]
[BlackElo "1973"]
[PlyCount "119"]
[EventDate "2012.??.??"]

1. g3 e5 2. Bg2 Nf6 3. e3 d5 4. Ne2 Nc6 5. O-O Be7 6. b3 O-O 7. Bb2 Bf5 8. d3
Qd7 9. Nd2 Bh3 10. e4 Bxg2 11. Kxg2 Bb4 12. c3 Ba5 13. Qc2 Rad8 14. Rad1 Rfe8
15. Nf3 Qg4 16. h3 Qe6 17. a3 Bb6 18. b4 dxe4 19. dxe4 Qc4 20. Rxd8 Rxd8 21.
Rd1 Rxd1 22. Qxd1 Qxe4 23. b5 h6 24. bxc6 Qxc6 25. Bc1 Nd5 26. Qe1 f6 27. Kf1
Qc5 28. Nh4 Ba5 29. Bb2 c6 30. Qd2 Bb6 31. Nc1 Ba5 32. Ne2 Qc4 33. Ng2 Qe4 34.
Ne1 Qh1+ 35. Ng1 Qe4 36. Nc2 Qc4+ 37. Ne2 Qa2 38. Nb4 Qb1+ 39. Bc1 Qe4 40. Nxd5
cxd5 41. Bb2 Qh1+ 42. Ng1 Qe4 43. Qd1 Kh8 44. h4 Bb6 45. Qe2 Qb1+ 46. Kg2 Bc5
47. Qb5 b6 48. Qe2 Qa2 49. h5 a5 50. Qb5 Kh7 51. a4 Qb1 52. Qe2 Qa2 53. Qd3+ e4
54. Qb5 e3 55. fxe3 Ba3 56. Kf3 Bxb2 57. Ne2 Qb1 58. Nf4 Qe4+ 59. Ke2 Qc2+ 60.
Kf3 1/2-1/2

[Event "Brixen/Milland-J.Richter/LASK BZ"]
[Site "?"]
[Date "2012.11.10"]
[Round "2.5"]
[White "Kowalczyk, Martin"]
[Black "Wisthaler, Lukas"]
[Result "0-1"]
[WhiteElo "1887"]
[BlackElo "1822"]
[PlyCount "78"]
[EventDate "2012.??.??"]

1. e4 c5 2. Nf3 e6 3. b3 d5 4. e5 Nc6 5. Bb5 Bd7 6. Qe2 Nge7 7. O-O a6 8. Bxc6
Nxc6 9. Bb2 Be7 10. d3 O-O 11. Nbd2 Qc7 12. Rfe1 b5 13. c4 Rfd8 14. Rac1 Bc8
15. d4 dxc4 16. bxc4 Nxd4 17. Nxd4 cxd4 18. cxb5 Qb6 19. Qg4 Bb7 20. Nc4 Qxb5
21. Bxd4 h5 22. Qf4 Qd5 23. Ne3 Qxd4 24. Qxd4 Rxd4 25. Rc7 Bb4 26. Ra1 Be4 27.
f3 Bg6 28. Nc2 Bxc2 29. Rxc2 Rad8 30. g3 Rd1+ 31. Rxd1 Rxd1+ 32. Kf2 Rd2+ 33.
Rxd2 Bxd2 34. Ke2 Bb4 35. Kd3 Kf8 36. h3 Ke7 37. Kc4 Be1 38. g4 h4 39. Kd4 g5
0-1

[Event "Brixen/Milland-J.Richter/LASK BZ"]
[Site "?"]
[Date "2012.11.10"]
[Round "2.6"]
[White "Hellweg, Stephan"]
[Black "Mumelter, Igor"]
[Result "1/2-1/2"]
[WhiteElo "1668"]
[BlackElo "1821"]
[PlyCount "82"]
[EventDate "2012.??.??"]

1. e4 c6 2. d4 d5 3. exd5 cxd5 4. Nf3 Bg4 5. Be2 e6 6. O-O Nc6 7. c3 Nf6 8. Bg5
Be7 9. Nbd2 O-O 10. Re1 a6 11. h3 Bh5 12. Bf4 Rc8 13. Ne5 Bxe2 14. Qxe2 Nxe5
15. Bxe5 Bd6 16. Qf3 Bxe5 17. Rxe5 Nd7 18. Re3 Qb6 19. Rb1 Qa5 20. a3 Qa4 21.
Qd1 Nb6 22. Qxa4 Nxa4 23. Nf3 Rc7 24. Ne5 Nb6 25. f4 Nd7 26. Nxd7 Rxd7 27. Rbe1
Re8 28. Kf2 Rd6 29. Kf3 g6 30. g4 Kg7 31. h4 Rg8 32. Re5 Kf6 33. R1e2 h6 34.
Rh2 Rb6 35. Ke3 Rc6 36. Kd3 b5 37. g5+ hxg5 38. hxg5+ Kg7 39. Re3 Rh8 40. Reh3
Rxh3+ 41. Rxh3 Rc4 1/2-1/2

[Event "J. Richter/Lask BZ II-SK Ehrenburg"]
[Site "?"]
[Date "2012.11.10"]
[Round "2.1"]
[White "Hengl, Christian"]
[Black "Rigo, Gianfranco"]
[Result "1-0"]
[WhiteElo "2179"]
[BlackElo "1898"]
[PlyCount "132"]
[EventDate "2012.??.??"]

1. e4 e5 2. Nf3 Nc6 3. Bb5 a6 4. Ba4 Nf6 5. O-O Be7 6. Re1 b5 7. Bb3 d6 8. c3
O-O 9. h3 Na5 10. Bc2 c5 11. d4 Nd7 12. Nbd2 exd4 13. cxd4 Nc6 14. Nf1 Bf6 15.
Be3 Qb6 16. e5 Be7 17. dxc5 dxc5 18. Ng3 Ndxe5 19. Nxe5 Nxe5 20. Qh5 Ng6 21. b4
Be6 22. f4 Qc7 23. bxc5 Rfd8 24. Be4 Rac8 25. f5 Qxg3 26. fxe6 fxe6 27. Bf2 Qf4
28. Bb7 Rc7 29. Be4 Bf6 30. g3 Qh6 31. Qxh6 gxh6 32. Rac1 Bd4 33. Bxd4 Rxd4 34.
Bxg6 hxg6 35. Rxe6 Rc4 36. Rf1 Kg7 37. Rff6 R7xc5 38. Rxg6+ Kf7 39. Rgf6+ Kg7
40. Rxa6 Ra4 41. Rg6+ Kf7 42. Raf6+ Ke7 43. Rf2 h5 44. Kg2 Rd5 45. h4 Re4 46.
Kh3 Rde5 47. Rgf6 Rd5 48. g4 Rd3+ 49. R6f3 Ree3 50. Kg3 Rxf3+ 51. Rxf3 Rd5 52.
gxh5 Rxh5 53. Kg4 Rc5 54. h5 Rc2 55. a3 Rg2+ 56. Kh4 Rb2 57. h6 Rh2+ 58. Kg5
Rg2+ 59. Kh5 Rh2+ 60. Kg6 Rg2+ 61. Kh7 Rg4 62. Rf5 b4 63. axb4 Rxb4 64. Kg6 Rh4
65. h7 Rg4+ 66. Rg5 Rh4 1-0

[Event "J. Richter/Lask BZ II-SK Ehrenburg"]
[Site "?"]
[Date "2012.11.10"]
[Round "2.2"]
[White "Muscolino, Attilio"]
[Black "Flatscher, Tobias"]
[Result "0-1"]
[WhiteElo "1735"]
[BlackElo "1704"]
[PlyCount "63"]
[EventDate "2012.??.??"]

1. e4 d5 2. exd5 Qxd5 3. Nc3 Qa5 4. g3 c6 5. Bg2 Nf6 6. h3 Bf5 7. d3 Na6 8.
Nge2 e5 9. O-O Qc7 10. a3 h5 11. Bg5 Qd7 12. Bxf6 gxf6 13. Kh2 O-O-O 14. Ng1 h4
15. g4 Be6 16. b4 Bh6 17. Rb1 f5 18. b5 Nb8 19. gxf5 Bxf5 20. bxc6 Bf4+ 21. Kh1
Nxc6 22. Rb2 Rdg8 23. Qf3 Rg6 24. Nge2 Bh6 25. Rfb1 Rxg2 26. Qxg2 Bxh3 27. Qh2
Rg8 28. Rg1 Rxg1+ 29. Qxg1 Bg4 30. Qg2 Qf5 31. Ng1 h3 32. Qxh3 0-1

[Event "J. Richter/Lask BZ II-SK Ehrenburg"]
[Site "?"]
[Date "2012.11.10"]
[Round "2.3"]
[White "Steger, Gerhard"]
[Black "Giuliano, Arturo"]
[Result "1-0"]
[WhiteElo "1894"]
[BlackElo "1735"]
[PlyCount "60"]
[EventDate "2012.??.??"]

1. e4 c6 2. c4 d5 3. cxd5 cxd5 4. exd5 Qxd5 5. Nc3 Qe5+ 6. Be2 Nc6 7. Nf3 Qa5
8. d4 Bg4 9. h3 Bxf3 10. Bxf3 O-O-O 11. Be3 e6 12. Bxc6 bxc6 13. Qf3 Bb4 14.
Qxc6+ Qc7 15. Qa6+ Kb8 16. O-O Nf6 17. Nb5 Qb6 18. Bf4+ Bd6 19. Bxd6+ Rxd6 20.
Qxb6+ Rxb6 21. a4 a6 22. Nc3 Rd8 23. a5 Rxb2 24. Na4 Rd2 25. Rab1+ Ka7 26. Nc5
R2xd4 27. Rb7+ Ka8 28. Rxf7 R4d6 29. Nb7 R8d7 30. Nxd6 Rxd6 1-0

[Event "J. Richter/Lask BZ II-SK Ehrenburg"]
[Site "?"]
[Date "2012.11.10"]
[Round "2.4"]
[White "Bonseri, Sergio"]
[Black "Gruber, Alexander"]
[Result "1/2-1/2"]
[WhiteElo "1710"]
[BlackElo "1796"]
[PlyCount "41"]
[EventDate "2012.??.??"]

1. e4 e6 2. d4 d5 3. e5 c5 4. c3 Nc6 5. Nf3 cxd4 6. cxd4 Nge7 7. Bd3 Qb6 8. Bc2
Bd7 9. a3 Rc8 10. Nc3 Ng6 11. O-O Be7 12. Rb1 Na5 13. Qd3 Nc4 14. g3 Qc7 15. a4
Na3 16. Ra1 Nxc2 17. Qxc2 Bb4 18. Bd2 a6 19. Qb3 Qc4 20. Qd1 O-O 21. Re1
1/2-1/2

[Event "J. Richter/Lask BZ II-SK Ehrenburg"]
[Site "?"]
[Date "2012.11.10"]
[Round "2.5"]
[White "Mairhofer, Lino"]
[Black "Hermeter, Walter"]
[Result "1/2-1/2"]
[WhiteElo "1743"]
[BlackElo "1660"]
[PlyCount "134"]
[EventDate "2012.??.??"]

1. e4 e5 2. Bc4 Nf6 3. d3 c6 4. Nf3 d5 5. exd5 cxd5 6. Bb3 Nc6 7. O-O Bd6 8.
Nc3 Be6 9. Bg5 O-O 10. Bxd5 Qa5 11. Bxe6 fxe6 12. Bd2 Qb6 13. Na4 Qc7 14. h3
Nd4 15. Nc3 a6 16. Be3 Rad8 17. Ng5 Rde8 18. Nge4 Bb4 19. Nxf6+ gxf6 20. Bh6
Rf7 21. f4 Bxc3 22. bxc3 Qxc3 23. fxe5 f5 24. Rc1 Kh8 25. Bg5 Qc5 26. Kh1 Qxe5
27. Qh5 Ref8 28. Rce1 Qd5 29. Bf4 Nc6 30. Re2 e5 31. Bh6 Nd4 32. Ref2 Rg8 33.
c3 Nc6 34. c4 Qe6 35. Rxf5 Rxf5 36. Rxf5 Nd4 37. Rxe5 Qf6 38. Re1 Nf5 39. Bf4
Ng3+ 40. Bxg3 Rxg3 41. Qe8+ Rg8 42. Qe5 Qxe5 43. Rxe5 Rd8 44. Re3 b5 45. cxb5
axb5 46. Re5 Rxd3 47. Rxb5 Ra3 48. Rb2 Kg7 49. Kh2 Kg6 50. h4 Kh5 51. g3 Kg4
52. Rc2 h6 53. Rb2 Kh5 54. Kh3 Kg6 55. Kg4 Ra4+ 56. Kf3 Ra3+ 57. Kf2 Kf5 58.
Kg2 Kg4 59. Kh2 Kf5 60. Kh3 h5 61. Rf2+ Kg6 62. Rc2 Kf5 63. Kg2 Kg4 64. Rc4+
Kf5 65. Rc5+ Kg6 66. Rg5+ Kh6 67. Kf2 Rxa2+ 1/2-1/2

[Event "J. Richter/Lask BZ II-SK Ehrenburg"]
[Site "?"]
[Date "2012.11.10"]
[Round "2.6"]
[White "Anrather, Eva"]
[Black "Mitterhofer, Martin"]
[Result "0-1"]
[WhiteElo "1395"]
[BlackElo "1560"]
[PlyCount "26"]
[EventDate "2012.??.??"]

1. e4 e5 2. Nf3 Nc6 3. d4 exd4 4. Nxd4 Bc5 5. Nf3 d6 6. Bc4 Nf6 7. O-O O-O 8.
Nc3 Bg4 9. Be2 Re8 10. Qd3 Nb4 11. Qc4 Be6 12. Nd5 Nfxd5 13. exd5 Bxd5 0-1

[Event "SC Naturns Jambo II-ASD Arci Scacchi"]
[Site "?"]
[Date "2012.11.10"]
[Round "2.1"]
[White "Preziuso, Toni"]
[Black "Gurschler, Gregor"]
[Result "1-0"]
[WhiteElo "2108"]
[BlackElo "1743"]
[PlyCount "80"]
[EventDate "2012.??.??"]

1. e4 g6 2. d4 Bg7 3. Be3 d6 4. Qd2 Nd7 5. Nf3 a6 6. a4 b6 7. Nc3 e6 8. Bd3 h6
9. h3 Ne7 10. Nh2 c5 11. Ne2 Bb7 12. f3 Qc7 13. c3 O-O-O 14. h4 h5 15. Bg5 f6
16. Be3 f5 17. Bg5 Nf6 18. Nf4 Qd7 19. Qe2 e5 20. Nh3 fxe4 21. Bxa6 exd4 22.
cxd4 Nf5 23. dxc5 dxc5 24. Bxb7+ Qxb7 25. Qc4 Rhe8 26. O-O Rd4 27. Qc2 e3 28.
a5 Rd2 29. Qa4 b5 30. Qa3 b4 31. Qa4 Qd7 32. Qb3 Qd5 33. Qa4 Qd7 34. Qa2 Kb7
35. a6+ Ka7 36. Qa5 Qc6 37. Rfc1 e2 38. Bxd2 e1=Q+ 39. Bxe1 c4 40. Bf2+ Nd4 1-0

[Event "SC Naturns Jambo II-ASD Arci Scacchi"]
[Site "?"]
[Date "2012.11.10"]
[Round "2.2"]
[White "Kaserer, Hanspeter"]
[Black "Pichler, Klaus"]
[Result "0-1"]
[WhiteElo "1725"]
[BlackElo "1711"]
[PlyCount "74"]
[EventDate "2012.??.??"]

1. d4 e6 2. Nf3 f5 3. e3 Nf6 4. Bd3 b6 5. Nbd2 Bb7 6. O-O Be7 7. Re1 Ne4 8. Ne5
O-O 9. Bxe4 fxe4 10. Qg4 Qe8 11. Nxe4 h5 12. Qg6 Qxg6 13. Nxg6 Bxe4 14. Nxf8
Bxf8 15. c3 d5 16. f3 Bg6 17. e4 Bd6 18. Bg5 dxe4 19. fxe4 e5 20. Rad1 Nc6 21.
b4 Re8 22. d5 Nd8 23. a4 Nb7 24. Kf2 a5 25. Rb1 axb4 26. cxb4 Ra8 27. a5 bxa5
28. bxa5 Nc5 29. Kf3 Rxa5 30. Re3 Ra4 31. Rbe1 Rb4 32. Bh4 Nb3 33. Rd1 Nd4+ 34.
Kf2 Nc2 35. Rg3 Kh7 36. Rg5 Rxe4 37. Bg3 h4 0-1

[Event "SC Naturns Jambo II-ASD Arci Scacchi"]
[Site "?"]
[Date "2012.11.10"]
[Round "2.3"]
[White "Tessarollo, Fabio"]
[Black "Pichler, Christoph"]
[Result "0-1"]
[WhiteElo "1636"]
[BlackElo "1843"]
[PlyCount "62"]
[EventDate "2012.??.??"]

1. b4 e5 2. Bb2 Bd6 3. c4 c6 4. c5 Bc7 5. e4 Nf6 6. d4 Qe7 7. f3 d5 8. Bd3 dxe4
9. fxe4 O-O 10. Nd2 Rd8 11. Ngf3 Bg4 12. Qc2 Bxf3 13. Nxf3 exd4 14. Nxd4 g6 15.
O-O-O a5 16. b5 Be5 17. Nf3 Bxb2+ 18. Kxb2 Ng4 19. Rhe1 Ne5 20. a4 Nbd7 21.
Nxe5 Qxe5+ 22. Ka2 cxb5 23. Bxb5 Nxc5 24. Rc1 b6 25. Bc4 Rd4 26. Bb3 Rad8 27.
Rcd1 Nd3 28. Rxd3 Rxd3 29. Qc4 Rd2+ 30. Bc2 R8d4 31. Qb3 Rb4 0-1